[Event "HUN-chT3 0001"]
[Site "Hungary"]
[Date "2000.12.17"]
[Round "5.1"]
[White "Reith, Arpad"]
[Black "Janoshalmi, Attila"]
[Result "1/2-1/2"]
[WhiteElo "2075"]
[BlackElo "2136"]
[PlyCount "32"]
[EventDate "2000.10.29"]
[EventType "team"]
[EventRounds "11"]
[EventCountry "HUN"]
[SourceTitle "EXT 2007"]
[Source "ChessBase"]
[SourceDate "2006.11.23"]
[SourceVersion "1"]
[SourceVersionDate "2006.11.23"]
[SourceQuality "1"]

1. e4 e6 2. d4 d5 3. exd5 exd5 4. Bd3 Nf6 5. h3 Bd6 6. Qf3 0-0 7. Ne2 Be6 8. Bg5 Nbd7 9. c3 c6 10. Nd2 Re8 11. 0-0 h6 12. Bf4 Nf8 13. Rfe1 N8h7 14. Bxd6 Qxd6 15. Nf4 Bd7 16. Qg3 Rxe1+ 1/2-1/2

[Event "HUN-chT3"]
[Site "Hungary"]
[Date "1997.??.??"]
[Round "?"]
[White "Reith, Arpad"]
[Black "Domotor, Jozsef"]
[Result "1-0"]
[WhiteElo "2100"]
[BlackElo "2085"]
[PlyCount "82"]
[EventDate "1997.??.??"]
[EventType "team"]
[EventRounds "13"]
[EventCountry "HUN"]
[SourceTitle "EXT 2001"]
[Source "ChessBase"]
[SourceDate "2000.11.22"]
[SourceVersion "1"]
[SourceVersionDate "2000.11.22"]
[SourceQuality "1"]

1. e4 c5 2. Nf3 e6 3. d4 cxd4 4. Nxd4 Nf6 5. Bd3 Nc6 6. Be3 d5 7. Nd2 Be7 8. 0-0 0-0 9. Nxc6 bxc6 10. e5 Nd7 11. f4 Bc5 12. Bf2 Qb6 13. Nb3 Bxf2+ 14. Rxf2 f5 15. Qe2 c5 16. c4 d4 17. Rf3 Bb7 18. Rh3 g6 19. Rg3 Rf7 20. h4 Rg7 21. Rb1 Qd8 22. Rh3 Rb8 23. Nd2 Nf8 24. a3 a5 25. b4 axb4 26. axb4 cxb4 27. Rxb4 Bc6 28. Rxb8 Qxb8 29. Nf3 Qa8 30. Kh2 Qa1 31. h5 Ra7 32. h6 Ra2 33. Qf1 Qb2 34. Qg1 Nd7 35. Rg3 Bxf3 36. Rxf3 Nc5 37. Qf1 Qd2 38. Rg3 Ne4 39. Qb1 Rb2 40. Qa1 Qb4 41. Qa8+ Qf8 1-0

[Event "Pecs Suto op"]
[Site "Pecs"]
[Date "1997.??.??"]
[Round "?"]
[White "Reith, Arpad"]
[Black "Rabovszky, Gyorgy"]
[Result "0-1"]
[WhiteElo "2100"]
[BlackElo "2155"]
[PlyCount "86"]
[EventDate "1997.??.??"]
[EventType "swiss"]
[EventRounds "9"]
[EventCountry "HUN"]
[SourceTitle "EXT 2004"]
[Source "ChessBase"]
[SourceDate "2003.11.25"]
[SourceVersion "1"]
[SourceVersionDate "2003.11.25"]
[SourceQuality "1"]

1. e4 e5 2. Nf3 Nc6 3. Bb5 a6 4. Ba4 Nf6 5. 0-0 b5 6. Bb3 Nxe4 7. d4 d5 8. dxe5 Be6 9. c3 Bc5 10. Nbd2 0-0 11. Bc2 Bf5 12. Nb3 Bb6 13. Nbd4 Nxd4 14. cxd4 c5 15. dxc5 Bxc5 16. Nd4 Bg6 17. Be3 Rc8 18. Rc1 Qe7 19. f3 Ng5 20. Bxg6 hxg6 21. Qd2 Ne6 22. Nxe6 Bxe3+ 23. Qxe3 Qxe6 24. b3 f6 25. f4 g5 26. g3 gxf4 27. gxf4 fxe5 28. Rxc8 Rxc8 29. Qxe5 Qxe5 30. fxe5 Re8 31. Rf5 Rf8 32. Rg5 Kf7 33. Kg2 Rc8 34. a4 Rc2+ 35. Kh3 Rc3+ 36. Rg3 d4 37. axb5 axb5 38. Kg4 Rxg3+ 39. hxg3 Ke6 40. Kf4 g6 41. g4 g5+ 42. Ke4 d3 43. Kxd3 Kxe5 0-1